000 01862nam0a2200361 4500
001 RU\NLR\bibl\606308
005 20260405070115.0
010 _a5-7433-1346-6
_9500
021 _aRU
_b2004-40297
_92001
035 _aRSL-KNO-002450597
035 _a(NLR Aleph) 000598229
090 _a1756387
_c1756387
100 _a20040712d2004 |||y0rusy50 ca
101 0 _arus
102 _aRU
105 _aa |||||||||
106 _ar
200 1 _aПарадоксы Константина Леонтьева
_fС.В. Зубов
_gпод ред. М.Э. Елютиной
_gМ-во образования и науки Рос. Федерации, Сарат. гос. техн. ун-т
210 _aСаратов
_cСГТУ
_d2004
_eСГТУ
215 _a78,[3] с.
_d21
320 _aБиблиогр.: с. 75-79 и в подстроч. прим.
600 1 _aЛеонтьев
_bК.Н.
_f1831 - 1891
_gКонстантин Николаевич
_xФилософские взгляды
_92137191
_3RU\NLR\auth\661288578
610 0 _aФилософские науки -- История философии -- Русская философия -- Философская и общественная мысль России XIX - начала XX в. -- 1861-1895 -- Позднее славянофильство -- Леонтьев Константин Николаевич (1831-1891) - философ -- Литература о философском учении
686 _aЮ3(2)51-568Леонтьев К.Н.-3,0
_2rubbk
686 _aЮ3(2)51-568
700 1 _4070
_8rus
_7ca
_aЗубов
_bС. В.
_cисторик
_gСергей Васильевич
_3RU\NLR\auth\7723698
_96751
801 0 _aRU
_bRuMoRKP
_c20040712
_grcr
801 1 _aRU
_bRuMoRGB
_c20040712
801 2 _aRU
_bNLR
_c20050207
_gPSBO
942 _cBOOK
980 _aNB
980 _aNBR